<?xml version="1.0" encoding="UTF-8"?>
<record
    xmlns:xsi="http://www.w3.org/2001/XMLSchema-instance"
    xsi:schemaLocation="http://www.loc.gov/MARC21/slim http://www.loc.gov/standards/marcxml/schema/MARC21slim.xsd"
    xmlns="http://www.loc.gov/MARC21/slim">

  <leader>01416nam a22002657a 4500</leader>
  <controlfield tag="005">20150417114937.0</controlfield>
  <datafield tag="010" ind1=" " ind2=" ">
    <subfield code="a">ENG-112535</subfield>
  </datafield>
  <datafield tag="020" ind1=" " ind2=" ">
    <subfield code="a">9789381904831</subfield>
    <subfield code="c">1325.00</subfield>
  </datafield>
  <datafield tag="035" ind1=" " ind2=" ">
    <subfield code="a">EN-96067</subfield>
  </datafield>
  <datafield tag="037" ind1=" " ind2=" ">
    <subfield code="b">DBAD/PUB</subfield>
  </datafield>
  <datafield tag="082" ind1=" " ind2=" ">
    <subfield code="a">355.033066</subfield>
  </datafield>
  <datafield tag="245" ind1="0" ind2="0">
    <subfield code="a">Perilous desert :</subfield>
    <subfield code="c">edited by Frederic Wehrey [and] Anouar Boukhars</subfield>
    <subfield code="b">insecurity in the Sahara /</subfield>
  </datafield>
  <datafield tag="260" ind1=" " ind2=" ">
    <subfield code="a">New Delhi</subfield>
    <subfield code="b">KW Publishers</subfield>
    <subfield code="c">2013</subfield>
  </datafield>
  <datafield tag="270" ind1=" " ind2=" ">
    <subfield code="a">4676/21, First Floor, Ansari Road, Daryaganj, </subfield>
    <subfield code="b">New Delhi</subfield>
    <subfield code="e">110002</subfield>
  </datafield>
  <datafield tag="300" ind1=" " ind2=" ">
    <subfield code="a">viii,213p.:</subfield>
    <subfield code="c">24cm(Hb)</subfield>
    <subfield code="b">maps</subfield>
  </datafield>
  <datafield tag="500" ind1=" " ind2=" ">
    <subfield code="a"> Includes bibliographical references and index.</subfield>
  </datafield>
  <datafield tag="505" ind1=" " ind2=" ">
    <subfield code="a">Foreword / Marwan Muasher -- Introduction / Frederic Wehrey -- The struggle for security in east Libya / Frederic Wehrey -- Borderline chaos? stabilizing Libya&#x2019;s periphery / Peter Cole -- Organized crime and conflict in the Sahel-Sahara region / Wolfram Lacher -- The paranoid neighbor: Algeria and the conflict in Mali / Anouar Boukhars -- The drivers of insecurity in Mauritania / Anouar Boukhars -- Mauritania&#x2019;s Islamists / Alex Thurston -- Simmering discontent in the western Sahara / Anouar Boukhars.</subfield>
  </datafield>
  <datafield tag="650" ind1=" " ind2=" ">
    <subfield code="a">Security, International </subfield>
    <subfield code="z">Sahara.</subfield>
  </datafield>
  <datafield tag="650" ind1=" " ind2=" ">
    <subfield code="a">Security, International </subfield>
    <subfield code="z">Sahel.</subfield>
  </datafield>
  <datafield tag="650" ind1=" " ind2=" ">
    <subfield code="a">National security</subfield>
    <subfield code="z">Sahara.</subfield>
  </datafield>
  <datafield tag="650" ind1=" " ind2=" ">
    <subfield code="a">National security</subfield>
    <subfield code="z">Sahel</subfield>
  </datafield>
  <datafield tag="700" ind1=" " ind2=" ">
    <subfield code="a">Wehrey, Frederic M.</subfield>
  </datafield>
  <datafield tag="700" ind1=" " ind2=" ">
    <subfield code="a">Boukhars, Anouar.</subfield>
  </datafield>
  <datafield tag="942" ind1=" " ind2=" ">
    <subfield code="2">ddc</subfield>
    <subfield code="c">EN</subfield>
    <subfield code="m">PER</subfield>
    <subfield code="h">355.033066</subfield>
  </datafield>
  <datafield tag="999" ind1=" " ind2=" ">
    <subfield code="c">92602</subfield>
    <subfield code="d">92602</subfield>
  </datafield>
  <datafield tag="952" ind1=" " ind2=" ">
    <subfield code="0">0</subfield>
    <subfield code="1">0</subfield>
    <subfield code="4">0</subfield>
    <subfield code="7">1</subfield>
    <subfield code="8">NFIC</subfield>
    <subfield code="a">DBAD</subfield>
    <subfield code="b">DBAD</subfield>
    <subfield code="d">2015-03-30</subfield>
    <subfield code="e">DBAD/PUB</subfield>
    <subfield code="g">1325.00</subfield>
    <subfield code="l">0</subfield>
    <subfield code="o">355.033066 PER</subfield>
    <subfield code="p">EN-96067</subfield>
    <subfield code="r">2015-03-30 00:00:00</subfield>
    <subfield code="t">1</subfield>
    <subfield code="v">1325.00</subfield>
    <subfield code="y">EN</subfield>
  </datafield>
</record>
